Some dilemmas of teaching. (Record no. 20300)

000 -LEADER
fixed length control field 00723cam a22002531 4500
001 - CONTROL NUMBER
control field 3602243
003 - CONTROL NUMBER IDENTIFIER
control field OSt
005 - DATE AND TIME OF LATEST TRANSACTION
control field 20170118165817.0
008 - FIXED-LENGTH DATA ELEMENTS--GENERAL INFORMATION
fixed length control field 900924s1971 at b 000 0 eng
010 ## - LIBRARY OF CONGRESS CONTROL NUMBER
LC control number 70859490
015 ## - NATIONAL BIBLIOGRAPHY NUMBER
National bibliography number Aus***
020 ## - INTERNATIONAL STANDARD BOOK NUMBER
International Standard Book Number 0195503554
040 ## - CATALOGING SOURCE
Original cataloging agency DLC
Transcribing agency DLC
Modifying agency DLC
050 00 - LIBRARY OF CONGRESS CALL NUMBER
Classification number LB 1025.2.R64 1971
082 00 - DEWEY DECIMAL CLASSIFICATION NUMBER
Classification number 371.1
100 1# - MAIN ENTRY--PERSONAL NAME
Personal name Roe, Ernest.
Dates associated with a name 1971
245 10 - TITLE STATEMENT
Title Some dilemmas of teaching.
Statement of responsibility, etc. Ernest Roe
260 ## - PUBLICATION, DISTRIBUTION, ETC. (IMPRINT)
Place of publication, distribution, etc. Melbourne,
-- New York,
Name of publisher, distributor, etc. Oxford University Press,
Date of publication, distribution, etc. 1971
300 ## - PHYSICAL DESCRIPTION
Extent 183 p.
Dimensions 21 cm.
504 ## - BIBLIOGRAPHY, ETC. NOTE
Bibliography, etc Bibliography: p. 177-179.
650 #0 - SUBJECT ADDED ENTRY--TOPICAL TERM
Topical term or geographic name as entry element Teaching.
906 ## - LOCAL DATA ELEMENT F, LDF (RLIN)
a 7
b cbc
c orignew
d 4
e ncip
f 19
g y-gencatlg
942 ## - ADDED ENTRY ELEMENTS (KOHA)
Source of classification or shelving scheme
Koha item type Hard Covered Materials
Classification part LB 1025.2.R64 1971
Call number prefix 30547

No items available.

© Machakos University Library, Along The Highway, Machakos Wote Rd, Machakos, Kenya P.O. Box 136 - 90100 Machakos - Kenya

Tel: ( +254 ) 723 805829 OR Fax : 044-20353 OR Email: library@mksu.ac.ke